| 000 | 00890nam a2200205 i 4500 | ||
|---|---|---|---|
| 001 | 189504 | ||
| 003 | SpMaBN | ||
| 005 | 20231222182431.0 | ||
| 008 | 190605s1969 sp |||| | spa d | ||
| 080 | _a929:34 Arenal, Concepción | ||
| 100 | 1 |
_aCastejón y Martínez de Arizala, Federico. _936466 |
|
| 245 | 1 | 0 |
_aVigencia del pensamiento de Concepción Arenal _b: discurso / _cleído el día 30 de julio de 1968, en su recepción pública, por... D. Federico Castejón y Martínez de Arizala y contestación... D. Manuel Iglesias Corral. |
| 260 |
_aMadrid : _bAcademia Gallega de Jurisprudencia y Legislación, _c1969. |
||
| 300 |
_a63 p. ; _c27 cm. |
||
| 600 | 1 | 4 |
_aArenal, Concepción, _d1820-1893 _922591 |
| 700 | 1 |
_aIglesias Corral, Manuel. _9158835 |
|
| 710 | 2 |
_aAcademia Gallega de Jurisprudencia y Legislación. _91197 |
|
| 852 |
_aES-MaACL _j2341-F-8 |
||
| 999 |
_c189504 _d189504 |
||